ARRUPE JESUIT UNIVERSITY

CORONAVIRUS -STOP THE SPREAD - CLEAN,DISINFECT,COVER

Africa : (Record no. 124819)

MARC details
000 -LEADER
fixed length control field 01470cam a2200433Ii 4500
001 - CONTROL NUMBER
control field 11523405
003 - CONTROL NUMBER IDENTIFIER
control field ARRUPE
005 - DATE AND TIME OF LATEST TRANSACTION
control field 20170914115113.0
008 - FIXED-LENGTH DATA ELEMENTS--GENERAL INFORMATION
fixed length control field 150609s2015 enka b 001 0 eng d
020 ## - INTERNATIONAL STANDARD BOOK NUMBER
International Standard Book Number 9781783601325 (pbk.)
020 ## - INTERNATIONAL STANDARD BOOK NUMBER
International Standard Book Number 1783601329 (pbk.)
020 ## - INTERNATIONAL STANDARD BOOK NUMBER
International Standard Book Number 9781783601332 (hbk.)
020 ## - INTERNATIONAL STANDARD BOOK NUMBER
International Standard Book Number 1783601337 (hbk.)
020 ## - INTERNATIONAL STANDARD BOOK NUMBER
Cancelled/invalid ISBN 9781783601363 (mobi)
020 ## - INTERNATIONAL STANDARD BOOK NUMBER
Cancelled/invalid ISBN 9781783601356 (ebook)
020 ## - INTERNATIONAL STANDARD BOOK NUMBER
Cancelled/invalid ISBN 9781783601349 (pdf)
035 ## - SYSTEM CONTROL NUMBER
System control number (OCoLC)ocn913881793
035 ## - SYSTEM CONTROL NUMBER
System control number (OCoLC)913881793
035 ## - SYSTEM CONTROL NUMBER
System control number (NNC)11523405
040 ## - CATALOGING SOURCE
Original cataloging agency DOS
Language of cataloging eng
Description conventions rda
Transcribing agency DOS
Modifying agency YDXCP
-- EAU
-- OLC
050 ## - LIBRARY OF CONGRESS CALL NUMBER
Classification number HC800
090 ## - LOCALLY ASSIGNED LC-TYPE CALL NUMBER (OCLC); LOCAL CALL NUMBER (OCLC)
Classification number (OCLC) (R) ; Classification number, CALL (RLIN) (NR) HC800
Local cutter number (OCLC) ; Book number/undivided call number, CALL (RLIN) .J478 2015
300 ## - PHYSICAL DESCRIPTION
Other physical details illustrations ;
Dimensions 22 cm.
100 1# - MAIN ENTRY--PERSONAL NAME
Personal name Jerven, Morten,
Dates associated with a name 1978-
Relator term author.
9 (RLIN) 24510
245 10 - TITLE STATEMENT
Title Africa :
Remainder of title why economists get it wrong /
Statement of responsibility, etc Morten Jerven.
260 ## - PUBLICATION, DISTRIBUTION, ETC. (IMPRINT)
Place of publication, distribution, etc London
Name of publisher, distributor, etc Zed Books
Date of publication, distribution, etc 2015
300 ## - PHYSICAL DESCRIPTION
Extent 160 pages :
490 1# - SERIES STATEMENT
Series statement African arguments
504 ## - BIBLIOGRAPHY, ETC. NOTE
Bibliography, etc Includes bibliographical references (pages 140-154) and index.
650 #0 - SUBJECT ADDED ENTRY--TOPICAL TERM
Topical term or geographic name as entry element Economic development
Geographic subdivision Africa.
9 (RLIN) 12202
650 #0 - SUBJECT ADDED ENTRY--TOPICAL TERM
Topical term or geographic name as entry element Economic assistance
Geographic subdivision Africa.
9 (RLIN) 12205
651 #0 - SUBJECT ADDED ENTRY--GEOGRAPHIC NAME
Geographic name Africa
General subdivision Economic policy.
9 (RLIN) 12207
710 2# - ADDED ENTRY--CORPORATE NAME
Corporate name or jurisdiction name as entry element International African Institute,
Relator term issuing body.
9 (RLIN) 3663
710 2# - ADDED ENTRY--CORPORATE NAME
Corporate name or jurisdiction name as entry element Royal African Society,
Relator term issuing body.
9 (RLIN) 24511
710 2# - ADDED ENTRY--CORPORATE NAME
Corporate name or jurisdiction name as entry element World Peace Foundation,
Relator term issuing body.
9 (RLIN) 24512
830 #0 - SERIES ADDED ENTRY--UNIFORM TITLE
Uniform title African arguments.
9 (RLIN) 24513
942 ## - ADDED ENTRY ELEMENTS (KOHA)
Source of classification or shelving scheme Library of Congress Classification
Koha item type Monograph ( Printed materials)
948 1# - LOCAL PROCESSING INFORMATION (OCLC); SERIES PART DESIGNATOR (RLIN)
Series part designator, SPT (RLIN) 20150731
b (OCLC) c
c (OCLC) as2107
d (OCLC) MPS
948 1# - LOCAL PROCESSING INFORMATION (OCLC); SERIES PART DESIGNATOR (RLIN)
Series part designator, SPT (RLIN) 20150805
b (OCLC) c
c (OCLC) sl13
d (OCLC) MPS
Holdings
Withdrawn status Lost status Source of classification or shelving scheme Damaged status Not for loan Collection code Home library Current library Shelving location Date acquired Total Checkouts Full call number Barcode Date last seen Date checked out Price effective from Koha item type
    Library of Congress Classification     Main Collection ARRUPE LIBRARY ARRUPE LIBRARY Main Collection 03/08/2016 1 HC800 46500009260 07/12/2018 17/09/2018 03/08/2016 Monograph ( Printed materials)

 

Arrupe Library. PO Box MP320 Mt Pleasant, Harare, Zimbabwe
263 242 745411|librarian@aju.ac.zw